000 00474nam a2200157Ia 4500
003 IQ-KOUCL
041 _aArabic
082 _a956,2 cut-294 ض
100 _a20260118u\\\\\\\\\\\y0engy0103\\\\ba
100 _aد.مسعود ضاهر
245 0 _aتاريخ لبنان الاجتماعي المعاصر ( خارج القيد الطائفي )
250 _aط1
260 _bدار النهار للنشر
_aبيروت - لبنان
_c2022
300 _a431
942 _cBk
999 _c187247
_d187247